[Event "Mittelfranken-chTB1 1819"]
[Site "Mittelfranken"]
[Date "2019.03.03"]
[Round "6.6"]
[White "Hannweber, Markus"]
[Black "Meyer, Nico"]
[Result "1/2-1/2"]
[WhiteElo "1831"]
[BlackElo "1748"]
[PlyCount "41"]
[EventDate "2018.10.14"]
[EventType "team-tourn"]
[EventRounds "9"]
[EventCountry "GER"]
[SourceTitle "EXT 2022"]
[Source "ChessBase"]
[SourceDate "2021.10.06"]
[SourceVersion "1"]
[SourceVersionDate "2021.10.06"]
[SourceQuality "1"]
[WhiteTeam "Nuernberg SK 1911"]
[BlackTeam "Bechhofen"]
[WhiteTeamCountry "GER"]
[BlackTeamCountry "GER"]

1. e4 c5 2. Nf3 d6 3. d4 cxd4 4. Nxd4 Nf6 5. Nc3 g6 6. Be2 Bg7 7. Be3 0-0 8. Qd2 Nc6 9. f3 Bd7 10. 0-0 a6 11. a4 Rc8 12. Rfd1 Ne5 13. Rac1 Re8 14. b3 Nc6 15. Nd5 Na5 16. Bd3 Nc6 17. Nxc6 Rxc6 18. c4 Be6 19. Be2 Qc8 20. Qa5 Nd7 21. Qd2 1/2-1/2

[Event "Mittelfranken-chTB1 1819"]
[Site "Mittelfranken"]
[Date "2018.12.02"]
[Round "3.4"]
[White "Meyer, Nico"]
[Black "Vielsaecker, Dirk"]
[Result "1-0"]
[WhiteElo "1748"]
[BlackElo "1912"]
[PlyCount "71"]
[EventDate "2018.10.14"]
[EventType "team-tourn"]
[EventRounds "9"]
[EventCountry "GER"]
[SourceTitle "EXT 2022"]
[Source "ChessBase"]
[SourceDate "2021.10.06"]
[SourceVersion "1"]
[SourceVersionDate "2021.10.06"]
[SourceQuality "1"]
[WhiteTeam "Bechhofen"]
[BlackTeam "Lauf SV"]
[WhiteTeamCountry "GER"]
[BlackTeamCountry "GER"]

1. e4 e6 2. d4 d5 3. Nc3 Nf6 4. Bg5 Bb4 5. e5 h6 6. Bc1 Ne4 7. Qg4 Kf8 8. Nge2 c5 9. f3 Nxc3 10. bxc3 Ba5 11. Ba3 Nd7 12. Rb1 Kg8 13. Kf2 Bb6 14. f4 f5 15. Qh5 Kh7 16. g4 g6 17. Qh3 fxg4 18. Qxg4 Qe8 19. h4 h5 20. Qg3 Qf7 21. Ke3 cxd4+ 22. Nxd4 Nc5 23. Bxc5 Bxc5 24. Bd3 Kg7 25. Rhg1 Rh6 26. Rg2 Bd7 27. Rxb7 Rd8 28. Kd2 Bxd4 29. cxd4 a5 30. Qg5 Re8 31. Bb5 Re7 32. Qxe7 Qxe7 33. Rxd7 Qxd7 34. Bxd7 Kf7 35. Rg3 Rh8 36. Rb3 1-0

[Event "Mittelfranken-chTB1 1819"]
[Site "Mittelfranken"]
[Date "2018.10.14"]
[Round "1.4"]
[White "Meyer, Nico"]
[Black "Gloth, Gerrit"]
[Result "0-1"]
[WhiteElo "1748"]
[BlackElo "1958"]
[PlyCount "54"]
[EventDate "2018.10.14"]
[EventType "team-tourn"]
[EventRounds "9"]
[EventCountry "GER"]
[SourceTitle "EXT 2022"]
[Source "ChessBase"]
[SourceDate "2021.10.06"]
[SourceVersion "1"]
[SourceVersionDate "2021.10.06"]
[SourceQuality "1"]
[WhiteTeam "Bechhofen"]
[BlackTeam "Erlangen SC III"]
[WhiteTeamCountry "GER"]
[BlackTeamCountry "GER"]

1. e4 Nf6 2. e5 Nd5 3. d4 d6 4. c4 Nb6 5. exd6 exd6 6. Nc3 Nc6 7. Be3 Be7 8. Bd3 0-0 9. b3 Bf6 10. Nge2 Bg4 11. f3 Bh4+ 12. Kd2 Bh5 13. Ng3 Bg6 14. Nge4 d5 15. cxd5 Nxd5 16. g3 Nxe3 17. Kxe3 Qxd4+ 18. Ke2 Bf6 19. Nxf6+ Qxf6 20. Bxg6 hxg6 21. Nd5 Rfe8+ 22. Kf1 Qe5 23. Nf4 Rad8 24. Qc1 g5 25. Nh5 Qe2+ 26. Kg1 Rd2 27. Qf1 Qe3+ 0-1

[Event "Pardubice Czech op-C 29th"]
[Site "Pardubice"]
[Date "2018.07.21"]
[Round "1"]
[White "Lysenko, Maria"]
[Black "Meyer, Nico"]
[Result "1-0"]
[WhiteElo "2044"]
[BlackElo "1630"]
[PlyCount "51"]
[EventDate "2018.07.21"]
[EventType "swiss"]
[EventRounds "9"]
[EventCountry "CZE"]
[SourceTitle "CBM 186 Extra"]
[Source "ChessBase"]
[SourceDate "2018.08.24"]
[SourceVersion "1"]
[SourceVersionDate "2018.08.24"]
[SourceQuality "1"]

1. e4 c5 2. Nf3 d6 3. d4 cxd4 4. Nxd4 Nf6 5. Nc3 g6 6. Be3 Bg7 7. f3 Nc6 8. Qd2 0-0 9. g4 Be6 10. 0-0-0 Ne5 11. h4 h5 12. gxh5 Nxh5 13. f4 Ng4 14. f5 Bd7 15. Be2 Nxe3 16. Qxe3 Kh7 17. Nf3 Bh6 18. Ng5+ Kg7 19. Bxh5 gxh5 20. Rhg1 Kh8 21. Nxf7+ Rxf7 22. Qxh6+ Rh7 23. Qd2 Qb6 24. Nd5 Qc5 25. Nxe7 Rxe7 26. Qh6+ 1-0

[Event "Nuremberg Zabo op 19th"]
[Site "Nuremberg"]
[Date "2017.09.17"]
[Round "4"]
[White "Brenner, Christian"]
[Black "Meyer, Nico"]
[Result "1-0"]
[WhiteElo "1925"]
[BlackElo "1654"]
[PlyCount "69"]
[EventDate "2017.09.15"]
[EventType "swiss"]
[EventRounds "5"]
[EventCountry "GER"]
[SourceTitle "EXT 2022"]
[Source "ChessBase"]
[SourceDate "2021.10.06"]
[SourceVersion "1"]
[SourceVersionDate "2021.10.06"]
[SourceQuality "1"]

1. e4 c5 2. Nf3 d6 3. d4 cxd4 4. Nxd4 Nf6 5. Nc3 g6 6. Be3 Bg7 7. f3 Nc6 8. Bc4 0-0 9. Qd2 Bd7 10. 0-0-0 Ne5 11. Bb3 Rc8 12. h4 h5 13. Bg5 Rc5 14. Kb1 b5 15. g4 a5 16. gxh5 a4 17. h6 Bh8 18. h7+ Nxh7 19. Nd5 Re8 20. h5 axb3 21. hxg6 bxc2+ 22. Nxc2 Nxg6 23. Rxh7 Kxh7 24. Rh1+ Kg8 25. Qh2 Bg7 26. Qh7+ Kf8 27. Bh6 Bxh6 28. Qxh6+ Kg8 29. Qh7+ Kf8 30. Nf4 Rxc2 31. Nxg6+ fxg6 32. Qxg6 Rc1+ 33. Kxc1 Qc8+ 34. Kd2 Bh3 35. Rg1 1-0

[Event "Nuremberg Zabo op 19th"]
[Site "Nuremberg"]
[Date "2017.09.16"]
[Round "2"]
[White "Albayrak, Nese Pinar"]
[Black "Meyer, Nico"]
[Result "1/2-1/2"]
[WhiteElo "1351"]
[BlackElo "1654"]
[PlyCount "93"]
[EventDate "2017.09.15"]
[EventType "swiss"]
[EventRounds "5"]
[EventCountry "GER"]
[SourceTitle "EXT 2022"]
[Source "ChessBase"]
[SourceDate "2021.10.06"]
[SourceVersion "1"]
[SourceVersionDate "2021.10.06"]
[SourceQuality "1"]

1. e4 c5 2. Nf3 d6 3. Nc3 g6 4. Bc4 e6 5. d4 cxd4 6. Nxd4 Nc6 7. Bb5 Bd7 8. f4 Bg7 9. Be3 Nge7 10. Qd2 0-0 11. g4 d5 12. e5 Nxd4 13. Bxd4 Nc6 14. Bxc6 Bxc6 15. h4 f6 16. Qe3 fxe5 17. fxe5 Rf7 18. 0-0-0 Qf8 19. h5 Bh6 20. g5 Rf3 21. Qg1 Qf4+ 22. Kb1 Bxg5 23. hxg6 h6 24. Ne2 Qf5 25. Qg2 Rf8 26. Ng3 Qxg6 27. Nh5 R8f5 28. Nf6+ Kf7 29. Rdf1 Rxf1+ 30. Rxf1 Rxf1+ 31. Qxf1 Qf5 32. Qh1 Bb5 33. Qh5+ Qg6 34. Qf3 Qf5 35. Qxf5 exf5 36. Nxd5 Bc6 37. Nf6 a6 38. c3 Ke6 39. Kc2 Bf4 40. Nh5 Bxe5 41. Ng7+ Kd5 42. Nxf5 Bxd4 43. cxd4 h5 44. Kd3 Bd7 45. Nh4 b5 46. b4 Bg4 47. a3 1/2-1/2

[Event "GER-ch U25-A"]
[Site "Willingen"]
[Date "2017.06.06"]
[Round "4"]
[White "Niemann, Leon Pascal"]
[Black "Meyer, Nico"]
[Result "0-1"]
[WhiteElo "1709"]
[BlackElo "1545"]
[PlyCount "116"]
[EventDate "2017.06.04"]
[EventType "swiss"]
[EventRounds "9"]
[EventCountry "GER"]
[SourceTitle "CBM 178 Extra"]
[Source "ChessBase"]
[SourceDate "2017.06.22"]
[SourceVersion "1"]
[SourceVersionDate "2017.06.22"]
[SourceQuality "1"]

1. Nf3 c5 2. g3 d6 3. Bg2 Nc6 4. 0-0 Nf6 5. d3 g6 6. e4 Bg7 7. c3 0-0 8. h3 e5 9. Be3 Be6 10. Nbd2 b6 11. Ng5 Rc8 12. f4 h6 13. Ngf3 Nh5 14. Kh2 f5 15. Ng1 Rc7 16. Qe2 Qc8 17. exf5 exf4 18. fxe6 Nxg3 19. Qg4 Ne5 20. Qd1 Nxf1+ 21. Nxf1 fxe3 22. Nxe3 Kh7 23. Nd5 Rb7 24. e7 Re8 25. Be4 Nc6 26. Qh5 Be5+ 27. Kg2 Qe6 28. Rf1 Nxe7 29. Qf3 Rd7 30. Ne2 Nf5 31. Qg4 Qxd5 32. Rxf5 Qe6 33. Qf3 Kg7 34. Qg4 Rf7 35. Rxf7+ Qxf7 36. b3 Rf8 37. Bf3 h5 38. Qe4 Qf5 39. Qxf5 Rxf5 40. c4 h4 41. Bg4 Rf8 42. Bf3 g5 43. Bg4 a6 44. Be6 b5 45. Bd5 b4 46. Bc6 Bd4 47. Nxd4 cxd4 48. Be4 Rf4 49. Bf3 Kf6 50. Be2 Ke5 51. Bd1 Kf5 52. Be2 g4 53. hxg4+ Rxg4+ 54. Kh3 Rg3+ 55. Kxh4 Rg2 56. Bf3 Rxa2 57. Bc6 Ra3 58. Ba4 Rxa4 0-1

[Event "GER-ch U25-A"]
[Site "Willingen"]
[Date "2017.06.05"]
[Round "3"]
[White "Todua, Anastasia"]
[Black "Meyer, Nico"]
[Result "1/2-1/2"]
[WhiteElo "1588"]
[BlackElo "1545"]
[PlyCount "64"]
[EventDate "2017.06.04"]
[EventType "swiss"]
[EventRounds "9"]
[EventCountry "GER"]
[SourceTitle "CBM 178 Extra"]
[Source "ChessBase"]
[SourceDate "2017.06.22"]
[SourceVersion "1"]
[SourceVersionDate "2017.06.22"]
[SourceQuality "1"]

1. e4 c5 2. Nf3 d6 3. d4 cxd4 4. Nxd4 Nf6 5. Nc3 g6 6. Bc4 Bg7 7. 0-0 Nc6 8. Be3 Bd7 9. Qd2 Rc8 10. Bb3 0-0 11. Rad1 Ne5 12. Bh6 Nc4 13. Bxc4 Rxc4 14. Bxg7 Kxg7 15. Rfe1 Qb6 16. Nb3 Bg4 17. Rc1 Rd8 18. Kh1 a5 19. Nd5 Nxd5 20. Qxd5 Ra4 21. a3 Be6 22. Qd2 Kg8 23. Re3 d5 24. exd5 Rxd5 25. Qe2 Rb5 26. Rd1 Bc4 27. Qe1 e6 28. Qc3 Rd5 29. Rxd5 Bxd5 30. Qc8+ Kg7 31. Qc3+ Kg8 32. Qc8+ Kg7 1/2-1/2

[Event "GER-ch U25-A"]
[Site "Willingen"]
[Date "2017.06.04"]
[Round "1"]
[White "Brockmeyer, Tobias"]
[Black "Meyer, Nico"]
[Result "1-0"]
[WhiteElo "1699"]
[BlackElo "1545"]
[PlyCount "79"]
[EventDate "2017.06.04"]
[EventType "swiss"]
[EventRounds "9"]
[EventCountry "GER"]
[SourceTitle "CBM 178 Extra"]
[Source "ChessBase"]
[SourceDate "2017.06.22"]
[SourceVersion "1"]
[SourceVersionDate "2017.06.22"]
[SourceQuality "1"]

1. d4 d5 2. c4 e6 3. Nc3 c6 4. e3 Nf6 5. Nf3 Be7 6. Qc2 Nbd7 7. b3 b6 8. Bd3 Bb7 9. e4 dxe4 10. Nxe4 c5 11. 0-0 cxd4 12. Nxd4 Ne5 13. Nxf6+ Bxf6 14. Bb2 Nxd3 15. Qxd3 Qd7 16. Rad1 0-0-0 17. Qe2 Bxd4 18. Rxd4 Qc6 19. Rg4 Rhg8 20. Bxg7 f5 21. Rg3 f4 22. Rg4 h5 23. Rg5 Rd7 24. Qe5 Rf7 25. f3 Qd7 26. Bf6 Rgf8 27. Rg6 Qc6 28. Bh4 Re8 29. Re1 Rf5 30. Qd4 Kb8 31. Rf6 Ra5 32. Qxf4+ Ka8 33. a4 Qc5+ 34. Qe3 Qb4 35. Rxe6 Rc8 36. Re8 Qd6 37. Rxc8+ Bxc8 38. Qe4+ Bb7 39. Qe8+ Qb8 40. Bg3 1-0

[Event "GER-ch U25-A"]
[Site "Willingen"]
[Date "2017.06.04"]
[Round "2"]
[White "Meyer, Nico"]
[Black "Wagner, Swenja"]
[Result "1/2-1/2"]
[WhiteElo "1545"]
[BlackElo "1711"]
[PlyCount "62"]
[EventDate "2017.06.04"]
[EventType "swiss"]
[EventRounds "9"]
[EventCountry "GER"]
[SourceTitle "CBM 178 Extra"]
[Source "ChessBase"]
[SourceDate "2017.06.22"]
[SourceVersion "1"]
[SourceVersionDate "2017.06.22"]
[SourceQuality "1"]

1. e4 e5 2. Nf3 Nc6 3. d4 exd4 4. Bc4 Nf6 5. 0-0 d5 6. exd5 Nxd5 7. c3 Nb6 8. Bb5 dxc3 9. Qxd8+ Kxd8 10. Nxc3 Be7 11. Bxc6 bxc6 12. Ne5 Ke8 13. Nxc6 a6 14. Nxe7 Kxe7 15. Bf4 Ra7 16. Be3 Rb7 17. Rfe1 Be6 18. Bc5+ Kd7 19. Rad1+ Kc8 20. Rd4 Rd8 21. Rxd8+ Kxd8 22. Bd4 g6 23. Bf6+ Kc8 24. b3 c6 25. Ne4 Rd7 26. Nc5 Rd2 27. Nxe6 fxe6 28. g3 Kd7 29. a3 Nd5 30. Be5 Ra2 31. Ra1 Re2 1/2-1/2

[Event "Pyramiden Franken Cup"]
[Site "Fuerth"]
[Date "2016.09.03"]
[Round "4"]
[White "Meyer, Nico"]
[Black "Guggenberger, Guido"]
[Result "0-1"]
[WhiteElo "1550"]
[BlackElo "1971"]
[PlyCount "66"]
[EventDate "2016.09.01"]
[EventType "swiss"]
[EventRounds "7"]
[EventCountry "GER"]
[SourceTitle "CBM 174 Extra"]
[Source "ChessBase"]
[SourceDate "2016.10.10"]
[SourceVersion "1"]
[SourceVersionDate "2016.10.10"]
[SourceQuality "1"]

1. e4 d5 2. exd5 Qxd5 3. Nc3 Qd8 4. Bc4 Nf6 5. Nf3 c5 6. 0-0 e6 7. d4 cxd4 8. Nxd4 a6 9. Nf3 Qc7 10. Bb3 Bd6 11. h3 Nbd7 12. Be3 0-0 13. Qe2 Nc5 14. Bxc5 Bxc5 15. Ne4 Be7 16. Nxf6+ Bxf6 17. c3 Bd7 18. Rfd1 Rfd8 19. Qe3 b5 20. a3 Bc6 21. Nd4 Bb7 22. f4 e5 23. fxe5 Qxe5 24. Qf2 Qh5 25. Rd2 Bd5 26. Bxd5 Rxd5 27. Rad1 Rad8 28. Nf3 h6 29. Kh2 Qf5 30. Rxd5 Rxd5 31. Rxd5 Qxd5 32. Qd2 Be5+ 33. Nxe5 Qxd2 0-1

[Event "Mittelfranken-chTB2a 1516"]
[Site "Mittelfranken"]
[Date "2016.02.28"]
[Round "7.3"]
[White "Mueller, Norbert"]
[Black "Meyer, Nico"]
[Result "1-0"]
[WhiteElo "1991"]
[BlackElo "1609"]
[PlyCount "95"]
[EventDate "2015.10.18"]
[EventType "team-tourn"]
[EventRounds "9"]
[EventCountry "GER"]
[SourceTitle "EXT 2020"]
[Source "ChessBase"]
[SourceDate "2019.10.17"]
[SourceVersion "1"]
[SourceVersionDate "2019.10.17"]
[SourceQuality "1"]
[WhiteTeam "Bad Windsheim/Ansbach"]
[BlackTeam "Bechhofen II"]
[WhiteTeamCountry "GER"]
[BlackTeamCountry "GER"]

1. e4 e5 2. Nf3 Nc6 3. Bb5 a6 4. Ba4 Bc5 5. d3 Nge7 6. c3 b5 7. Bc2 d6 8. h3 0-0 9. b4 Ba7 10. 0-0 h6 11. Nbd2 f5 12. Re1 f4 13. Nf1 g5 14. N1h2 Kh7 15. d4 Ng6 16. d5 Nce7 17. Qe2 Bd7 18. a4 Ng8 19. Bb2 h5 20. Nd2 Nf6 21. axb5 g4 22. Rxa6 g3 23. Rf1 Bxf2+ 24. Rxf2 gxf2+ 25. Kxf2 Rb8 26. c4 Rg8 27. Ndf3 Kh6 28. Ke1 Nh7 29. Qf2 Ng5 30. Kd2 Qe7 31. Kc1 Rg7 32. Ra7 Be8 33. Bd3 Qd8 34. Bc3 Ra8 35. Qa2 Rxa7 36. Qxa7 c6 37. Qa5 Qxa5 38. bxa5 cxb5 39. cxb5 Rc7 40. Kb2 Ne7 41. Nxg5 Kxg5 42. Nf3+ Kf6 43. b6 Rb7 44. Ba6 Rb8 45. Bb4 Rd8 46. b7 Ba4 47. Ka3 Bc2 48. Bxd6 1-0

[Event "Bayernliga U20 1516"]
[Site "Bayern"]
[Date "2016.02.27"]
[Round "7.4"]
[White "Meulner, Fabian"]
[Black "Meyer, Nico"]
[Result "1-0"]
[WhiteElo "1832"]
[BlackElo "1609"]
[PlyCount "63"]
[EventDate "2015.11.21"]
[EventType "team-tourn"]
[EventRounds "7"]
[EventCountry "GER"]
[SourceTitle "EXT 2022"]
[Source "ChessBase"]
[SourceDate "2021.10.06"]
[SourceVersion "1"]
[SourceVersionDate "2021.10.06"]
[SourceQuality "1"]
[WhiteTeam "Nuernberg Sued SW U20"]
[BlackTeam "Bechhofen U20"]
[WhiteTeamCountry "GER"]
[BlackTeamCountry "GER"]

1. d4 d5 2. c4 Nf6 3. Nc3 Bf5 4. cxd5 Nxd5 5. f3 Nxc3 6. bxc3 e6 7. e4 Bg6 8. Rb1 b6 9. Bd3 Be7 10. Ne2 c6 11. 0-0 Nd7 12. f4 f5 13. e5 c5 14. Qb3 Bf7 15. Bc4 Nf8 16. Be3 Rc8 17. Rfd1 Qc7 18. Bb5+ Nd7 19. dxc5 Rd8 20. cxb6 axb6 21. Rxd7 Rxd7 22. Rd1 Bc5 23. c4 Bxe3+ 24. Qxe3 0-0 25. Rxd7 Qb8 26. Nc3 Be8 27. Rd6 Bxb5 28. cxb5 Qc7 29. Qd4 Rc8 30. Rc6 Qd8 31. Qd6 Kf7 32. Qxe6+ 1-0

[Event "Mittelfranken-chTB2a 1516"]
[Site "Mittelfranken"]
[Date "2016.02.14"]
[Round "6.2"]
[White "Kotitschke, Karlheinz"]
[Black "Meyer, Nico"]
[Result "1-0"]
[WhiteElo "1791"]
[BlackElo "1609"]
[PlyCount "103"]
[EventDate "2015.10.18"]
[EventType "team-tourn"]
[EventRounds "9"]
[EventCountry "GER"]
[SourceTitle "EXT 2020"]
[Source "ChessBase"]
[SourceDate "2019.10.17"]
[SourceVersion "1"]
[SourceVersionDate "2019.10.17"]
[SourceQuality "1"]
[WhiteTeam "Rothenburg II"]
[BlackTeam "Bechhofen II"]
[WhiteTeamCountry "GER"]
[BlackTeamCountry "GER"]

1. d4 d5 2. Bg5 Nc6 3. e3 h6 4. Bh4 g5 5. Bg3 Nf6 6. h4 g4 7. Nd2 h5 8. Bd3 Bg7 9. c3 e6 10. Qe2 Qe7 11. 0-0-0 e5 12. Bb5 e4 13. Nb3 0-0 14. Bxc6 bxc6 15. Nc5 a6 16. Be5 Nd7 17. Nxd7 Qxd7 18. Bxg7 Kxg7 19. Qc2 Rb8 20. Ne2 Qd6 21. Nf4 Kh6 22. Qa4 Be6 23. a3 Rb6 24. b4 Bd7 25. Qa5 Rfb8 26. Rd2 Be6 27. Rb2 Qd8 28. Kc2 Rb5 29. Qxa6 Bd7 30. a4 Ra8 31. axb5 Rxa6 32. bxa6 Qa8 33. Ra1 Qa7 34. Rba2 Bc8 35. g3 Bd7 36. Kd2 Bc8 37. Ra5 f6 38. Rc5 Bd7 39. Ne2 Kg7 40. Nc1 Kf7 41. Nb3 Ke7 42. Rca5 Kd6 43. Nc5 f5 44. Nxd7 Kxd7 45. Rc5 Kd6 46. Raa5 Kd7 47. Kc2 Kd6 48. Kb3 Kd7 49. c4 dxc4+ 50. Kxc4 Kd6 51. Kc3 Kd7 52. Rxf5 1-0

[Event "Mittelfranken-chTB2a 1516"]
[Site "Mittelfranken"]
[Date "2016.01.24"]
[Round "5.2"]
[White "Meyer, Nico"]
[Black "Habermann, Manfred"]
[Result "0-1"]
[WhiteElo "1609"]
[BlackElo "1818"]
[PlyCount "79"]
[EventDate "2015.10.18"]
[EventType "team-tourn"]
[EventRounds "9"]
[EventCountry "GER"]
[SourceTitle "EXT 2020"]
[Source "ChessBase"]
[SourceDate "2019.10.17"]
[SourceVersion "1"]
[SourceVersionDate "2019.10.17"]
[SourceQuality "1"]
[WhiteTeam "Bechhofen II"]
[BlackTeam "Herzogenaurach III"]
[WhiteTeamCountry "GER"]
[BlackTeamCountry "GER"]

1. e4 e5 2. Nf3 Nc6 3. Bb5 a6 4. Bxc6 dxc6 5. 0-0 Bd6 6. d4 Bg4 7. dxe5 Bxf3 8. Qxf3 Bxe5 9. Rd1 Qe7 10. c3 Nf6 11. Bf4 0-0 12. Nd2 Rfe8 13. Re1 Rad8 14. Bxe5 Qxe5 15. Qe2 Rd7 16. f3 Qc5+ 17. Kf1 Qh5 18. Kg1 Nd5 19. Qd3 Nb6 20. Qe2 Qc5+ 21. Kf1 Qd6 22. Nb3 Qxh2 23. Nc5 Rd6 24. Nxb7 Rg6 25. g4 Qh1+ 26. Kf2 Qh4+ 27. Kg2 Nd5 28. Qd2 Rge6 29. Nc5 R6e7 30. Nd3 Nb6 31. Rh1 Qf6 32. Qf4 Rd8 33. Qxf6 gxf6 34. Nf2 Na4 35. b3 Nb2 36. Rh6 Kg7 37. Rah1 Rh8 38. R6h5 Rd7 39. Kg3 Rd2 40. Rc5 0-1

[Event "Bayernliga U20 1516"]
[Site "Bayern"]
[Date "2015.12.19"]
[Round "3.4"]
[White "Meyer, Nico"]
[Black "Koehler, Dominik"]
[Result "0-1"]
[WhiteElo "1609"]
[BlackElo "1728"]
[PlyCount "66"]
[EventDate "2015.11.21"]
[EventType "team-tourn"]
[EventRounds "7"]
[EventCountry "GER"]
[SourceTitle "EXT 2022"]
[Source "ChessBase"]
[SourceDate "2021.10.06"]
[SourceVersion "1"]
[SourceVersionDate "2021.10.06"]
[SourceQuality "1"]
[WhiteTeam "Bechhofen U20"]
[BlackTeam "Forchheim SC U20"]
[WhiteTeamCountry "GER"]
[BlackTeamCountry "GER"]

1. e4 e5 2. Nf3 Nf6 3. Nc3 Nc6 4. Bb5 Bc5 5. d3 d6 6. Be3 Bb6 7. h3 0-0 8. Bxc6 Bxe3 9. fxe3 bxc6 10. d4 exd4 11. exd4 Nxe4 12. Nxe4 Re8 13. 0-0 Rxe4 14. Qd3 Re6 15. d5 Rg6 16. Kh1 c5 17. Rf2 Bd7 18. Raf1 c6 19. h4 Rg4 20. Kh2 cxd5 21. g3 Bc6 22. Ng5 Rxg5 23. hxg5 Qxg5 24. Qa6 Bd7 25. Qb7 Rd8 26. Rxf7 Qh6+ 27. Kg1 Qe3+ 28. Kh2 Qh6+ 29. Kg1 Qh3 30. R1f3 Re8 31. Qxd7 Re1+ 32. Rf1 Rxf1+ 33. Rxf1 Qxd7 0-1

[Event "Forchheim op-B 14th"]
[Site "Forchheim"]
[Date "2015.10.02"]
[Round "1"]
[White "Breitenbach, Joachim"]
[Black "Meyer, Nico"]
[Result "1/2-1/2"]
[WhiteElo "2045"]
[BlackElo "1437"]
[PlyCount "33"]
[EventDate "2015.10.02"]
[EventType "swiss"]
[EventRounds "5"]
[EventCountry "GER"]
[SourceTitle "EXT 2019"]
[Source "ChessBase"]
[SourceDate "2018.10.10"]
[SourceVersion "1"]
[SourceVersionDate "2018.10.10"]
[SourceQuality "1"]

1. e4 e5 2. Nf3 Nc6 3. c3 Nf6 4. d4 exd4 5. e5 Qe7 6. cxd4 d6 7. Bb5 Bd7 8. 0-0 Nd5 9. Bg5 Qe6 10. Re1 Be7 11. Bxe7 Ncxe7 12. Bxd7+ Qxd7 13. Nc3 0-0 14. Nxd5 Nxd5 15. Qb3 c6 16. Rac1 Nb6 17. Qb4 1/2-1/2

[Event "Pyramiden Franken Cup"]
[Site "Fuerth"]
[Date "2015.09.04"]
[Round "3"]
[White "Meyer, Nico"]
[Black "Suess, Helmut"]
[Result "1/2-1/2"]
[WhiteElo "1437"]
[BlackElo "1959"]
[PlyCount "30"]
[EventDate "2015.09.03"]
[EventType "swiss"]
[EventRounds "7"]
[EventCountry "GER"]
[SourceTitle "EXT 2016"]
[Source "ChessBase"]
[SourceDate "2015.10.08"]
[SourceVersion "1"]
[SourceVersionDate "2015.10.08"]
[SourceQuality "1"]

1. e4 d5 2. exd5 Qxd5 3. Nc3 Qd8 4. Nf3 Bg4 5. h3 Bxf3 6. Qxf3 c6 7. Bc4 e6 8. 0-0 Nf6 9. d3 Be7 10. Re1 0-0 11. a3 Nbd7 12. Qg3 Nh5 13. Qg4 Nhf6 14. Qg3 Nh5 15. Qg4 Nhf6 1/2-1/2